Les équipes de la LNH selon leur ville - Statistiques

Statistiques générales
  • Ce quiz a été pris 300 fois
  • Le résultat moyen est 28 sur 32
Statistiques - réponses
Villes Noms d'équipes % Correct
Boston Bruins
96%
Montréal Canadiens
95%
Calgary Flames
95%
Colorado Avalanche
92%
Anaheim Ducks
92%
Edmonton Oilers
92%
Dallas Stars
92%
Los Angeles Kings
91%
Floride Panthers
91%
New York Rangers
90%
New York Islanders
89%
Buffalo Sabres
89%
Toronto Maple Leafs
88%
St Louis Blues
87%
Arizona Coyotes
87%
Tampa Bay Lightning
87%
Detroit Red Wings
87%
Vancouver Canucks
86%
Caroline Hurricanes
86%
Ottawa Sénateurs
86%
San Jose Sharks
86%
Washington Capitals
85%
New Jersey Devils
85%
Chicago Blackhawks
84%
Vegas Golden Knights
84%
Winnipeg Jets
84%
Nashville Predators
84%
Minnesta Wild
84%
Columbus Blue Jackets
83%
Seattle Kraken
83%
Pittsburgh Penguins
83%
Philadelphie Flyers
81%
Aucun quiz correspondant
Distribution des résultats
% des personnes avec chaque résultat
Percentile par nombre de réponses
Votre historique - résultats
Vous n’avez pas pris ce quiz